1055 1281 1265 1099 1369 1065 1694 1535 1460 1749 1983 1776 1532 1860 1553 1793 1994 1099 1704 1731 1375 1914 1837 1758 1404 1996 1673 1585 1297 1206 1365 1457 1073 1618 1757 1851 1144 1201 1213 1278 1465 1003 1043 1342 1033 1191 1547 1758 1205 1397 1724 1093 1012 1850 1253 1844 1400 1856 1436 1785 1747 1869 1624 1915 1001 1792 1561 1593 1180 1800 1570 1151 1491 1414 1206 1398 1174 1248 1893 1629 1476 1618 1306 1610 1653 1920 1053 1192 1079 1473 1806 1239 1137 1780 1651 1925 1829 1162 1754 BCNSPRNW ULIB Ver.6.0+V

เปลี่ยนเป็นภาษาไทย

Change to English
 แสดงรายละเอียดบรรณานุกรม
  กลับหน้าหลัก

Brief Record : Get Marc (ISO 2709) : E-mail record : QR code < ปิดหน้าต่าง
LEADER : 00000nam 2200000uu 4500
001    13399123793
003     ULIB
008    141128s2548||||th 000 0 tha d
024    9789749345795
099    ^aนว.^bน472พ
100 0  ^aนายา
245 00 ^aรอยรักเรไร^cนายา
250    ^aพิมพ์ครั้งที่ 1
260    ^aกรุงเทพฯ :^bอักษรโสภณ,^c2548.
300    ^a322หน้า
945    ^p215^l0^i037269
999    ^aเกษร โพธิ์สุวรรณ
รายการนี้ยังไม่มีแท็ก
คุณยังไม่ได้ล็อกอิน คุณสามารถมีกิจกรรมร่วมกับเว็บไซต์ได้ แต่ต้องล็อกอินก่อน ::
  ล็อกอิน

รายการสื่อสารสนเทศ

ลำดับที่ ประเภท เลขเรียก/บาร์โค้ด สถานที่ สถานะ
1. นวนิยาย
นวนิยาย
นว. น472พ ฉ.1 
  Barcode: 037269
ห้องสมุดวิทยาเขตนครสวรรค์
►นวนิยาย:l:Fiction
บนชั้น
Note:อภินันทนาการโดย อาจารย์จุฑารัตน์ สว่างชัย

รายการใกล้เคียง
    ผู้แต่ง [นายา]

BibComment


ยังไม่เคยถูกคอมเมนท์

คอมเมนท์ทรัพยากรรายการนี้
  คอมเมนท์: รอยรักเรไร นายา


 Copyright 2026. Bcnsprnw @Library